Ex paesi della Jugoslavia: Morte improvvisa - Statistics

Statistiche generali
  • Questo quiz è stato fatto 180 volte
  • Il punteggio medio è 6 su 7
Answers on the Grid
Answers color-coded by a green-red scale on the quiz's grid according to % correct below.
Italia
Macedonia del nord
Bosnia ed Erzegovina
Bulgaria
Grecia
Romania
Montenegro
Croazia
Albania
Turchia
Città del Vaticano
Serbia
San Marino
Malta
Spagna
Slovenia
Regno Unito
Russia
Estonia
Ucraina
Irlanda
Islanda
Ungheria
Kosovo
Cipro
Norvegia
Finlandia
Svezia
Lettonia
Lussemburgo
 
Statistiche sulle risposte
Risposta % Corretto
Bosnia ed Erzegovina
96%
Macedonia del nord
84%
Montenegro
84%
Croazia
81%
Serbia
79%
Kosovo
76%
Slovenia
68%
Nessun quiz corrispondente trovato
Distribuzione punteggi
Percentuale di utenti per punteggio
Percentile per numero di risposta
I tuoi punteggi nel tempo
Non hai fatto questo quiz